书目信息 |
| 题名: |
功勋卓著的帅才:朱可夫
|
|
| 作者: | 佟明忠 , 鲁壮 著 | |
| 分册: | ||
| 出版信息: | 北京 军事科学出版社 2000.01 |
|
| 页数: | 273页 | |
| 开本: | 32开 | |
| 丛书名: | ||
| 单 册: | ||
| 中图分类: | K835.125.2 | |
| 科图分类: | ||
| 主题词: | 历史 , 地理 | |
| 电子资源: | ||
| ISBN: | 7-80137-267-0 | |
| 000 | 00634nam0 2200217 45 | |
| 001 | 0010251117 | |
| 005 | 20001025111502.6 | |
| 010 | @a7-80137-267-0@d14.00元 | |
| 100 | @a20001025d2000 km y0chiy0120 ea | |
| 101 | 0 | @achi |
| 105 | @a z 000yy | |
| 200 | 1 | @a功勋卓著的帅才:朱可夫@AGong Xun Zhuo Zhu De Shuai Cai:Zhu Ke Fu@f佟明忠,鲁壮著@FTong Ming Zhong,Lu Zhuang Zhu |
| 210 | @a北京@c军事科学出版社@d2000.01 | |
| 215 | @a273页@d32开 | |
| 606 | 0 | @a历史 |
| 606 | 0 | @a地理 |
| 690 | @aK835.125.2@v3 | |
| 701 | 0 | @a佟明忠@4著 |
| 701 | 0 | @a鲁壮@4著 |
| 801 | @aCN@bPftUser@c20001025 | |
| 905 | @b188378-380@dK835.125.2@eT970@f3 | |
| 功勋卓著的帅才:朱可夫/佟明忠,鲁壮著.-北京:军事科学出版社,2000.01 |
| 273页;32开 |
| ISBN 7-80137-267-0:14.00元 |
| ● |
| 相关链接 |
|
|
|
正题名:功勋卓著的帅才:朱可夫
索取号:K835.125.2/T970
 
预约/预借
| 序号 | 登录号 | 条形码 | 馆藏地/架位号 | 状态 | 备注 |
| 1 | 188378 | 201883783 | 社科库309/309社科库 99排3列4层/ [索取号:K835.125.2/T970] | 在馆 | |
| 2 | 188379 | 201883792 | 社科库309/309社科库 99排3列4层/ [索取号:K835.125.2/T970] | 在馆 | |
| 3 | 188380 | 201883809 | 社科库309/309社科库 99排3列4层/ [索取号:K835.125.2/T970] | 在馆 |